| 000 -LEADER |
| fixed length control field |
00870pab a2200169 454500 |
| 008 - FIXED-LENGTH DATA ELEMENTS--GENERAL INFORMATION |
| fixed length control field |
180718b2011 xxu||||| |||| 00| 0 eng d |
| 100 ## - MAIN ENTRY--PERSONAL NAME |
| Personal name |
Ahmad, Irfan |
| 245 ## - TITLE STATEMENT |
| Title |
The categorical revolution: Democratic uprising in the Middle East |
| 260 ## - PUBLICATION, DISTRIBUTION, ETC. |
| Date of publication, distribution, etc. |
2011 |
| 300 ## - PHYSICAL DESCRIPTION |
| Extent |
p.30-35. |
| 362 ## - DATES OF PUBLICATION AND/OR SEQUENTIAL DESIGNATION |
| Dates of publication and/or sequential designation |
5 Nov |
| 520 ## - SUMMARY, ETC. |
| Summary, etc. |
The protests ovefr the past year across the 'middle east' are perhaps saying that the region first and foremost belongs to its people and that the categories of "oil-rich", "oil-less" and "main route" are at best exciting materials for a historian's archive. While unfolding this "categorical revolution", this article explodies two key myths: (1) that of the terminology of the middle east, and (2) Islam's incompatibility with democracy. - Reproduced. |
| 650 ## - SUBJECT ADDED ENTRY--TOPICAL TERM |
| Topical term or geographic name entry element |
Revolution |
| 773 ## - HOST ITEM ENTRY |
| Main entry heading |
Economic and Political Weekly |
| 908 ## - PUT COMMAND PARAMETER (RLIN) |
| Put command parameter |
N |
| 909 ## - |
| -- |
94027 |